UBT Library

Raportimi financiar i avancuar P9 : (Record no. 1417)

000 -LEADER
fixed length control field 00337nam a22001097a 4500
008 - FIXED-LENGTH DATA ELEMENTS--GENERAL INFORMATION
fixed length control field 160210b xxu||||| |||| 00| 0 eng d
020 ## - INTERNATIONAL STANDARD BOOK NUMBER
International Standard Book Number 9789951541060
041 ## - LANGUAGE CODE
Language code of text/sound track or separate title eng
080 ## - UNIVERSAL DECIMAL CLASSIFICATION NUMBER
Universal Decimal Classification number 336
245 ## - TITLE STATEMENT
Title Raportimi financiar i avancuar P9 :
Statement of responsibility, etc Shoqata e Kontabilistëve të Çertifikuar dhe Auditorëve të Kosovës (ShKÇAK) /
942 ## - ADDED ENTRY ELEMENTS (KOHA)
Source of classification or shelving scheme
Item type Books
Holdings
Withdrawn status Lost status Source of classification or shelving scheme Damaged status Not for loan Collection code Permanent location Current location Shelving location Date acquired Total Checkouts Full call number Barcode Date last seen Price effective from Koha item type
          Koleksioni i përgjithshem UBT - Lipjan UBT - Lipjan Koleksioni i përgjithshem 02/10/2016   336 RAP 002-017864 02/10/2016 02/10/2016 Books
          Koleksioni i përgjithshem UBT - Lipjan UBT - Lipjan Koleksioni i përgjithshem 02/10/2016   336 RAP 002-017865 02/10/2016 02/10/2016 Books
          Koleksioni i përgjithshem UBT - Lipjan UBT - Lipjan Koleksioni i përgjithshem 02/10/2016   336 RAP 002-017866 02/10/2016 02/10/2016 Books
          Koleksioni i përgjithshem UBT - Lipjan UBT - Lipjan Koleksioni i përgjithshem 02/10/2016   336 RAP 002-017867 02/10/2016 02/10/2016 Books
          Koleksioni i përgjithshem UBT - Lipjan UBT - Lipjan Koleksioni i përgjithshem 02/10/2016   336 RAP 002-017868 02/10/2016 02/10/2016 Books
          Koleksioni i përgjithshem UBT - Lipjan UBT - Lipjan Koleksioni i përgjithshem 02/10/2016   336 RAP 002-017869 02/10/2016 02/10/2016 Books
          Koleksioni i përgjithshem UBT - Lipjan UBT - Lipjan Koleksioni i përgjithshem 02/10/2016   336 RAP 002-017870 02/10/2016 02/10/2016 Books
          Koleksioni i përgjithshem UBT - Lipjan UBT - Lipjan Koleksioni i përgjithshem 02/10/2016   336 RAP 002-017871 02/10/2016 02/10/2016 Books
          Koleksioni i përgjithshem UBT - Lipjan UBT - Lipjan Koleksioni i përgjithshem 02/10/2016   336 RAP 002-017872 02/10/2016 02/10/2016 Books
          Koleksioni i përgjithshem UBT - Lipjan UBT - Lipjan Koleksioni i përgjithshem 02/10/2016   336 RAP 002-017873 02/10/2016 02/10/2016 Books
          Koleksioni i përgjithshem UBT - Lipjan UBT - Lipjan Koleksioni i përgjithshem 02/10/2016   336 RAP 002-017874 02/10/2016 02/10/2016 Books
          Koleksioni i përgjithshem UBT - Lipjan UBT - Lipjan Koleksioni i përgjithshem 02/10/2016   336 RAP 002-017875 02/10/2016 02/10/2016 Books
          Koleksioni i përgjithshem UBT - Lipjan UBT - Lipjan Koleksioni i përgjithshem 02/10/2016   336 RAP 002-017876 02/10/2016 02/10/2016 Books
          Koleksioni i përgjithshem UBT - Lipjan UBT - Lipjan Koleksioni i përgjithshem 02/10/2016   336 RAP 002-017877 02/10/2016 02/10/2016 Books
          Koleksioni i përgjithshem UBT - Lipjan UBT - Lipjan Koleksioni i përgjithshem 02/10/2016   336 RAP 002-017878 02/10/2016 02/10/2016 Books
          Koleksioni i përgjithshem UBT - Lipjan UBT - Lipjan Koleksioni i përgjithshem 02/10/2016   336 RAP 002-017879 02/10/2016 02/10/2016 Books
          Koleksioni i përgjithshem UBT - Lipjan UBT - Lipjan Koleksioni i përgjithshem 02/10/2016   336 RAP 002-017880 02/10/2016 02/10/2016 Books
          Koleksioni i përgjithshem UBT - Lipjan UBT - Lipjan Koleksioni i përgjithshem 02/10/2016   336 RAP 002-017881 02/10/2016 02/10/2016 Books
          Koleksioni i përgjithshem UBT - Lipjan UBT - Lipjan Koleksioni i përgjithshem 02/10/2016   336 RAP 002-017882 02/10/2016 02/10/2016 Books
          Koleksioni i përgjithshem UBT - Lipjan UBT - Lipjan Koleksioni i përgjithshem 02/10/2016   336 RAP 002-017883 02/10/2016 02/10/2016 Books
          Koleksioni i përgjithshem UBT - Lipjan UBT - Lipjan Koleksioni i përgjithshem 02/10/2016   336 RAP 002-017884 02/10/2016 02/10/2016 Books
          Koleksioni i përgjithshem UBT - Lipjan UBT - Lipjan Koleksioni i përgjithshem 02/10/2016   336 RAP 002-017885 02/10/2016 02/10/2016 Books
          Koleksioni i përgjithshem UBT - Lipjan UBT - Lipjan Koleksioni i përgjithshem 02/10/2016   336 RAP 002-017886 02/10/2016 02/10/2016 Books
          Koleksioni i përgjithshem UBT - Lipjan UBT - Lipjan Koleksioni i përgjithshem 02/10/2016   336 RAP 002-017887 02/10/2016 02/10/2016 Books
          Koleksioni i përgjithshem UBT - Lipjan UBT - Lipjan Koleksioni i përgjithshem 02/10/2016   336 RAP 002-017888 02/10/2016 02/10/2016 Books
          Koleksioni i përgjithshem UBT - Lipjan UBT - Lipjan Koleksioni i përgjithshem 02/10/2016   336 RAP 002-017889 02/10/2016 02/10/2016 Books
          Koleksioni i përgjithshem UBT - Lipjan UBT - Lipjan Koleksioni i përgjithshem 02/10/2016   336 RAP 002-017890 02/10/2016 02/10/2016 Books
          Koleksioni i përgjithshem UBT - Lipjan UBT - Lipjan Koleksioni i përgjithshem 02/10/2016   336 RAP 002-017891 02/10/2016 02/10/2016 Books
          Koleksioni i përgjithshem UBT - Lipjan UBT - Lipjan Koleksioni i përgjithshem 02/10/2016   336 RAP 002-017892 02/10/2016 02/10/2016 Books
          Koleksioni i përgjithshem UBT - Lipjan UBT - Lipjan Koleksioni i përgjithshem 02/10/2016   336 RAP 002-017893 02/10/2016 02/10/2016 Books
          Koleksioni i përgjithshem UBT - Lipjan UBT - Lipjan Koleksioni i përgjithshem 02/10/2016   336 RAP 002-017894 02/10/2016 02/10/2016 Books
          Koleksioni i përgjithshem UBT - Lipjan UBT - Lipjan Koleksioni i përgjithshem 02/10/2016   336 RAP 002-017895 02/10/2016 02/10/2016 Books
          Koleksioni i përgjithshem UBT - Lipjan UBT - Lipjan Koleksioni i përgjithshem 02/10/2016   336 RAP 002-017896 02/10/2016 02/10/2016 Books
          Koleksioni i përgjithshem UBT - Lipjan UBT - Lipjan Koleksioni i përgjithshem 02/10/2016   336 RAP 002-017897 02/10/2016 02/10/2016 Books
          Koleksioni i përgjithshem UBT - Lipjan UBT - Lipjan Koleksioni i përgjithshem 02/10/2016   336 RAP 002-017898 02/10/2016 02/10/2016 Books
          Koleksioni i përgjithshem UBT - Lipjan UBT - Lipjan Koleksioni i përgjithshem 02/10/2016   336 RAP 002-017899 02/10/2016 02/10/2016 Books
          Koleksioni i përgjithshem UBT - Lipjan UBT - Lipjan Koleksioni i përgjithshem 02/10/2016   336 RAP 002-017900 02/10/2016 02/10/2016 Books
          Koleksioni i përgjithshem UBT - Lipjan UBT - Lipjan Koleksioni i përgjithshem 02/10/2016   336 RAP 002-017901 02/10/2016 02/10/2016 Books
          Koleksioni i përgjithshem UBT - Lipjan UBT - Lipjan Koleksioni i përgjithshem 02/10/2016   336 RAP 002-017902 02/10/2016 02/10/2016 Books
          Koleksioni i përgjithshem UBT - Lipjan UBT - Lipjan Koleksioni i përgjithshem 02/10/2016   336 RAP 002-017903 02/10/2016 02/10/2016 Books
          Koleksioni i përgjithshem UBT - Lipjan UBT - Lipjan Koleksioni i përgjithshem 02/10/2016   336 RAP 002-017904 02/10/2016 02/10/2016 Books
          Koleksioni i përgjithshem UBT - Lipjan UBT - Lipjan Koleksioni i përgjithshem 02/10/2016   336 RAP 002-017905 02/10/2016 02/10/2016 Books
          Koleksioni i përgjithshem UBT - Lipjan UBT - Lipjan Koleksioni i përgjithshem 02/10/2016   336 RAP 002-017906 02/10/2016 02/10/2016 Books
          Koleksioni i përgjithshem UBT - Lipjan UBT - Lipjan Koleksioni i përgjithshem 02/10/2016   336 RAP 002-017907 02/10/2016 02/10/2016 Books
          Koleksioni i përgjithshem UBT - Lipjan UBT - Lipjan Koleksioni i përgjithshem 02/10/2016   336 RAP 002-017908 02/10/2016 02/10/2016 Books
          Koleksioni i përgjithshem UBT - Lipjan UBT - Lipjan Koleksioni i përgjithshem 02/10/2016   336 RAP 002-017909 02/10/2016 02/10/2016 Books
          Koleksioni i përgjithshem UBT - Lipjan UBT - Lipjan Koleksioni i përgjithshem 02/10/2016   336 RAP 002-017910 02/10/2016 02/10/2016 Books
          Koleksioni i përgjithshem UBT - Lipjan UBT - Lipjan Koleksioni i përgjithshem 02/10/2016   336 RAP 002-017911 02/10/2016 02/10/2016 Books
          Koleksioni i përgjithshem UBT - Lipjan UBT - Lipjan Koleksioni i përgjithshem 02/10/2016   336 RAP 002-017912 02/10/2016 02/10/2016 Books
          Koleksioni i përgjithshem UBT - Lipjan UBT - Lipjan Koleksioni i përgjithshem 02/10/2016   336 RAP 002-017913 02/10/2016 02/10/2016 Books
          Koleksioni i përgjithshem UBT - Lipjan UBT - Lipjan Koleksioni i përgjithshem 02/10/2016   336 RAP 002-017914 02/10/2016 02/10/2016 Books
          Koleksioni i përgjithshem UBT - Lipjan UBT - Lipjan Koleksioni i përgjithshem 02/10/2016   336 RAP 002-017915 02/10/2016 02/10/2016 Books
          Koleksioni i përgjithshem UBT - Lipjan UBT - Lipjan Koleksioni i përgjithshem 02/10/2016   336 RAP 002-017916 02/10/2016 02/10/2016 Books
          Koleksioni i përgjithshem UBT - Lipjan UBT - Lipjan Koleksioni i përgjithshem 02/10/2016   336 RAP 002-017917 02/10/2016 02/10/2016 Books
          Koleksioni i përgjithshem UBT - Lipjan UBT - Lipjan Koleksioni i përgjithshem 02/10/2016   336 RAP 002-017918 02/10/2016 02/10/2016 Books
          Koleksioni i përgjithshem UBT - Lipjan UBT - Lipjan Koleksioni i përgjithshem 02/10/2016   336 RAP 002-017919 02/10/2016 02/10/2016 Books
          Koleksioni i përgjithshem UBT - Lipjan UBT - Lipjan Koleksioni i përgjithshem 02/10/2016   336 RAP 002-017920 02/10/2016 02/10/2016 Books
          Koleksioni i përgjithshem UBT - Lipjan UBT - Lipjan Koleksioni i përgjithshem 02/10/2016   336 RAP 002-017921 02/10/2016 02/10/2016 Books
          Koleksioni i përgjithshem UBT - Lipjan UBT - Lipjan Koleksioni i përgjithshem 02/10/2016   336 RAP 002-017922 02/10/2016 02/10/2016 Books
          Koleksioni i përgjithshem UBT - Lipjan UBT - Lipjan Koleksioni i përgjithshem 02/10/2016   336 RAP 002-017923 02/10/2016 02/10/2016 Books
          Koleksioni i përgjithshem UBT - Lipjan UBT - Lipjan Koleksioni i përgjithshem 02/10/2016   336 RAP 002-017924 02/10/2016 02/10/2016 Books
          Koleksioni i përgjithshem UBT - Lipjan UBT - Lipjan Koleksioni i përgjithshem 02/10/2016   336 RAP 002-017925 02/10/2016 02/10/2016 Books
          Koleksioni i përgjithshem UBT - Lipjan UBT - Lipjan Koleksioni i përgjithshem 02/10/2016   336 RAP 002-017926 02/10/2016 02/10/2016 Books
          Koleksioni i përgjithshem UBT - Lipjan UBT - Lipjan Koleksioni i përgjithshem 02/10/2016   336 RAP 002-017927 02/10/2016 02/10/2016 Books
          Koleksioni i përgjithshem UBT - Lipjan UBT - Lipjan Koleksioni i përgjithshem 02/10/2016   336 RAP 002-017928 02/10/2016 02/10/2016 Books
          Koleksioni i përgjithshem UBT - Lipjan UBT - Lipjan Koleksioni i përgjithshem 02/10/2016   336 RAP 002-017929 02/10/2016 02/10/2016 Books
          Koleksioni i përgjithshem UBT - Lipjan UBT - Lipjan Koleksioni i përgjithshem 02/10/2016   336 RAP 002-017930 02/10/2016 02/10/2016 Books
          Koleksioni i përgjithshem UBT - Lipjan UBT - Lipjan Koleksioni i përgjithshem 02/10/2016   336 RAP 002-017931 02/10/2016 02/10/2016 Books
          Koleksioni i përgjithshem UBT - Lipjan UBT - Lipjan Koleksioni i përgjithshem 02/10/2016   336 RAP 002-017932 02/10/2016 02/10/2016 Books
          Koleksioni i përgjithshem UBT - Lipjan UBT - Lipjan Koleksioni i përgjithshem 02/10/2016   336 RAP 002-017933 02/10/2016 02/10/2016 Books
          Koleksioni i përgjithshem UBT - Lipjan UBT - Lipjan Koleksioni i përgjithshem 02/10/2016   336 RAP 002-017934 02/10/2016 02/10/2016 Books
          Koleksioni i përgjithshem UBT - Lipjan UBT - Lipjan Koleksioni i përgjithshem 02/10/2016   336 RAP 002-017935 02/10/2016 02/10/2016 Books
          Koleksioni i përgjithshem UBT - Lipjan UBT - Lipjan Koleksioni i përgjithshem 02/10/2016   336 RAP 002-017936 02/10/2016 02/10/2016 Books
          Koleksioni i përgjithshem UBT - Lipjan UBT - Lipjan Koleksioni i përgjithshem 02/10/2016   336 RAP 002-017937 02/10/2016 02/10/2016 Books
          Koleksioni i përgjithshem UBT - Lipjan UBT - Lipjan Koleksioni i përgjithshem 02/10/2016   336 RAP 002-017938 02/10/2016 02/10/2016 Books
          Koleksioni i përgjithshem UBT - Lipjan UBT - Lipjan Koleksioni i përgjithshem 02/10/2016   336 RAP 002-017939 02/10/2016 02/10/2016 Books
          Koleksioni i përgjithshem UBT - Lipjan UBT - Lipjan Koleksioni i përgjithshem 02/10/2016   336 RAP 002-017940 02/10/2016 02/10/2016 Books
          Koleksioni i përgjithshem UBT - Lipjan UBT - Lipjan Koleksioni i përgjithshem 02/10/2016   336 RAP 002-017941 02/10/2016 02/10/2016 Books
          Koleksioni i përgjithshem UBT - Lipjan UBT - Lipjan Koleksioni i përgjithshem 02/10/2016   336 RAP 002-017942 02/10/2016 02/10/2016 Books
          Koleksioni i përgjithshem UBT - Lipjan UBT - Lipjan Koleksioni i përgjithshem 02/10/2016   336 RAP 002-017943 02/10/2016 02/10/2016 Books
          Koleksioni i përgjithshem UBT - Lipjan UBT - Lipjan Koleksioni i përgjithshem 02/10/2016   336 RAP 002-017944 02/10/2016 02/10/2016 Books
          Koleksioni i përgjithshem UBT - Lipjan UBT - Lipjan Koleksioni i përgjithshem 02/10/2016   336 RAP 002-017945 02/10/2016 02/10/2016 Books
          Koleksioni i përgjithshem UBT - Lipjan UBT - Lipjan Koleksioni i përgjithshem 02/10/2016   336 RAP 002-017946 02/10/2016 02/10/2016 Books
          Koleksioni i përgjithshem UBT - Lipjan UBT - Lipjan Koleksioni i përgjithshem 02/10/2016   336 RAP 002-017947 02/10/2016 02/10/2016 Books
          Koleksioni i përgjithshem UBT - Lipjan UBT - Lipjan Koleksioni i përgjithshem 02/10/2016   336 RAP 002-017948 02/10/2016 02/10/2016 Books
          Koleksioni i përgjithshem UBT - Lipjan UBT - Lipjan Koleksioni i përgjithshem 02/10/2016   336 RAP 002-017949 02/10/2016 02/10/2016 Books
          Koleksioni i përgjithshem UBT - Lipjan UBT - Lipjan Koleksioni i përgjithshem 02/10/2016   336 RAP 002-017950 02/10/2016 02/10/2016 Books
          Koleksioni i përgjithshem UBT - Lipjan UBT - Lipjan Koleksioni i përgjithshem 02/10/2016   336 RAP 002-017951 02/10/2016 02/10/2016 Books
          Koleksioni i përgjithshem UBT - Lipjan UBT - Lipjan Koleksioni i përgjithshem 02/10/2016   336 RAP 002-017952 02/10/2016 02/10/2016 Books
          Koleksioni i përgjithshem UBT - Lipjan UBT - Lipjan Koleksioni i përgjithshem 02/10/2016   336 RAP 002-017953 02/10/2016 02/10/2016 Books
          Koleksioni i përgjithshem UBT - Lipjan UBT - Lipjan Koleksioni i përgjithshem 02/10/2016   336 RAP 002-017954 02/10/2016 02/10/2016 Books
          Koleksioni i përgjithshem UBT - Lipjan UBT - Lipjan Koleksioni i përgjithshem 02/10/2016   336 RAP 002-017955 02/10/2016 02/10/2016 Books
          Koleksioni i përgjithshem UBT - Lipjan UBT - Lipjan Koleksioni i përgjithshem 02/10/2016   336 RAP 002-017956 02/10/2016 02/10/2016 Books
          Koleksioni i përgjithshem UBT - Lipjan UBT - Lipjan Koleksioni i përgjithshem 02/10/2016   336 RAP 002-017957 02/10/2016 02/10/2016 Books
          Koleksioni i përgjithshem UBT - Lipjan UBT - Lipjan Koleksioni i përgjithshem 02/10/2016   336 RAP 002-017958 02/10/2016 02/10/2016 Books
          Koleksioni i përgjithshem UBT - Lipjan UBT - Lipjan Koleksioni i përgjithshem 02/10/2016   336 RAP 002-017959 02/10/2016 02/10/2016 Books
          Koleksioni i përgjithshem UBT - Lipjan UBT - Lipjan Koleksioni i përgjithshem 02/10/2016   336 RAP 002-017960 02/10/2016 02/10/2016 Books
          Koleksioni i përgjithshem UBT - Lipjan UBT - Lipjan Koleksioni i përgjithshem 02/10/2016   336 RAP 002-017961 02/10/2016 02/10/2016 Books
          Koleksioni i përgjithshem UBT - Lipjan UBT - Lipjan Koleksioni i përgjithshem 02/10/2016   336 RAP 002-017962 02/10/2016 02/10/2016 Books
          Koleksioni i përgjithshem UBT - Lipjan UBT - Lipjan Koleksioni i përgjithshem 02/10/2016   336 RAP 002-017963 02/10/2016 02/10/2016 Books
          Koleksioni i përgjithshem UBT - Lipjan UBT - Lipjan Koleksioni i përgjithshem 02/10/2016   336 RAP 002-017964 02/10/2016 02/10/2016 Books
          Koleksioni i përgjithshem UBT - Lipjan UBT - Lipjan Koleksioni i përgjithshem 02/10/2016   336 RAP 002-017965 02/10/2016 02/10/2016 Books
          Koleksioni i përgjithshem UBT - Lipjan UBT - Lipjan Koleksioni i përgjithshem 02/10/2016   336 RAP 002-017966 02/10/2016 02/10/2016 Books
          Koleksioni i përgjithshem UBT - Lipjan UBT - Lipjan Koleksioni i përgjithshem 02/10/2016   336 RAP 002-017967 02/10/2016 02/10/2016 Books
          Koleksioni i përgjithshem UBT - Lipjan UBT - Lipjan Koleksioni i përgjithshem 02/10/2016   336 RAP 002-017968 02/10/2016 02/10/2016 Books
          Koleksioni i përgjithshem UBT - Lipjan UBT - Lipjan Koleksioni i përgjithshem 02/10/2016   336 RAP 002-017969 02/10/2016 02/10/2016 Books
          Koleksioni i përgjithshem UBT - Lipjan UBT - Lipjan Koleksioni i përgjithshem 02/10/2016   336 RAP 002-017970 02/10/2016 02/10/2016 Books
          Koleksioni i përgjithshem UBT - Lipjan UBT - Lipjan Koleksioni i përgjithshem 02/10/2016   336 RAP 002-017971 02/10/2016 02/10/2016 Books
          Koleksioni i përgjithshem UBT - Lipjan UBT - Lipjan Koleksioni i përgjithshem 02/10/2016   336 RAP 002-017972 02/10/2016 02/10/2016 Books
          Koleksioni i përgjithshem UBT - Lipjan UBT - Lipjan Koleksioni i përgjithshem 02/10/2016   336 RAP 002-017973 02/10/2016 02/10/2016 Books
          Koleksioni i përgjithshem UBT - Lipjan UBT - Lipjan Koleksioni i përgjithshem 02/10/2016   336 RAP 002-017974 02/10/2016 02/10/2016 Books
          Koleksioni i përgjithshem UBT - Lipjan UBT - Lipjan Koleksioni i përgjithshem 02/10/2016   336 RAP 002-017975 02/10/2016 02/10/2016 Books
          Koleksioni i përgjithshem UBT - Lipjan UBT - Lipjan Koleksioni i përgjithshem 02/10/2016   336 RAP 002-017976 02/10/2016 02/10/2016 Books
          Koleksioni i përgjithshem UBT - Lipjan UBT - Lipjan Koleksioni i përgjithshem 02/10/2016   336 RAP 002-017977 02/10/2016 02/10/2016 Books
          Koleksioni i përgjithshem UBT - Lipjan UBT - Lipjan Koleksioni i përgjithshem 02/10/2016   336 RAP 002-017978 02/10/2016 02/10/2016 Books
          Koleksioni i përgjithshem UBT - Lipjan UBT - Lipjan Koleksioni i përgjithshem 02/10/2016   336 RAP 002-017979 02/10/2016 02/10/2016 Books
          Koleksioni i përgjithshem UBT - Lipjan UBT - Lipjan Koleksioni i përgjithshem 02/10/2016   336 RAP 002-017980 02/10/2016 02/10/2016 Books
          Koleksioni i përgjithshem UBT - Lipjan UBT - Lipjan Koleksioni i përgjithshem 02/10/2016   336 RAP 002-017981 02/10/2016 02/10/2016 Books
          Koleksioni i përgjithshem UBT - Lipjan UBT - Lipjan Koleksioni i përgjithshem 02/10/2016   336 RAP 002-017982 02/10/2016 02/10/2016 Books
          Koleksioni i përgjithshem UBT - Lipjan UBT - Lipjan Koleksioni i përgjithshem 02/10/2016   336 RAP 002-017983 02/10/2016 02/10/2016 Books
          Koleksioni i përgjithshem UBT - Lipjan UBT - Lipjan Koleksioni i përgjithshem 02/10/2016   336 RAP 002-017984 02/10/2016 02/10/2016 Books
          Koleksioni i përgjithshem UBT - Lipjan UBT - Lipjan Koleksioni i përgjithshem 02/10/2016   336 RAP 002-017985 02/10/2016 02/10/2016 Books
          Koleksioni i përgjithshem UBT - Lipjan UBT - Lipjan Koleksioni i përgjithshem 02/10/2016   336 RAP 002-017986 02/10/2016 02/10/2016 Books
          Koleksioni i përgjithshem UBT - Lipjan UBT - Lipjan Koleksioni i përgjithshem 02/10/2016   336 RAP 002-017987 02/10/2016 02/10/2016 Books
          Koleksioni i përgjithshem UBT - Lipjan UBT - Lipjan Koleksioni i përgjithshem 02/10/2016   336 RAP 002-017988 02/10/2016 02/10/2016 Books
          Koleksioni i përgjithshem UBT - Lipjan UBT - Lipjan Koleksioni i përgjithshem 02/10/2016   336 RAP 002-017989 02/10/2016 02/10/2016 Books
          Koleksioni i përgjithshem UBT - Lipjan UBT - Lipjan Koleksioni i përgjithshem 02/10/2016   336 RAP 002-017990 02/10/2016 02/10/2016 Books
          Koleksioni i përgjithshem UBT - Lipjan UBT - Lipjan Koleksioni i përgjithshem 02/10/2016   336 RAP 002-017991 02/10/2016 02/10/2016 Books
          Koleksioni i përgjithshem UBT - Lipjan UBT - Lipjan Koleksioni i përgjithshem 02/10/2016   336 RAP 002-017992 02/10/2016 02/10/2016 Books
          Koleksioni i përgjithshem UBT - Lipjan UBT - Lipjan Koleksioni i përgjithshem 02/10/2016   336 RAP 002-017993 02/10/2016 02/10/2016 Books
          Koleksioni i përgjithshem UBT - Lipjan UBT - Lipjan Koleksioni i përgjithshem 02/12/2016   336 RAP 002-010840 02/12/2016 02/12/2016 Books
          Koleksioni i përgjithshem UBT - Lipjan UBT - Lipjan Koleksioni i përgjithshem 02/12/2016   336 RAP 002-010841 02/12/2016 02/12/2016 Books
          Koleksioni i përgjithshem UBT - Lipjan UBT - Lipjan Koleksioni i përgjithshem 02/12/2016   336 RAP 002-010842 02/12/2016 02/12/2016 Books
          Koleksioni i përgjithshem UBT - Lipjan UBT - Lipjan Koleksioni i përgjithshem 02/12/2016   336 RAP 002-010843 02/12/2016 02/12/2016 Books
          Koleksioni i përgjithshem UBT - Lipjan UBT - Lipjan Koleksioni i përgjithshem 02/12/2016   336 RAP 002-018449 02/12/2016 02/12/2016 Books
          Koleksioni i përgjithshem UBT - Lipjan UBT - Lipjan Koleksioni i përgjithshem 02/12/2016   336 RAP 002-018450 02/12/2016 02/12/2016 Books
          Koleksioni i përgjithshem UBT - Lipjan UBT - Lipjan Koleksioni i përgjithshem 02/12/2016   336 RAP 002-018451 02/12/2016 02/12/2016 Books
          Koleksioni i përgjithshem UBT - Lipjan UBT - Lipjan Koleksioni i përgjithshem 02/12/2016   336 RAP 002-018452 02/12/2016 02/12/2016 Books
          Koleksioni i përgjithshem UBT - Lipjan UBT - Lipjan Koleksioni i përgjithshem 02/12/2016   336 RAP 002-018453 02/12/2016 02/12/2016 Books
          Koleksioni i përgjithshem UBT - Lipjan UBT - Lipjan Koleksioni i përgjithshem 02/12/2016   336 RAP 002-018454 02/12/2016 02/12/2016 Books
          Koleksioni i përgjithshem UBT - Lipjan UBT - Lipjan Koleksioni i përgjithshem 02/12/2016   336 RAP 002-018455 02/12/2016 02/12/2016 Books
          Koleksioni i përgjithshem UBT - Lipjan UBT - Lipjan Koleksioni i përgjithshem 02/12/2016   336 RAP 002-018456 02/12/2016 02/12/2016 Books
          Koleksioni i përgjithshem UBT - Lipjan UBT - Lipjan Koleksioni i përgjithshem 02/12/2016   336 RAP 002-018457 02/12/2016 02/12/2016 Books
          Koleksioni i përgjithshem UBT - Lipjan UBT - Lipjan Koleksioni i përgjithshem 02/12/2016   336 RAP 002-018458 02/12/2016 02/12/2016 Books
          Koleksioni i përgjithshem UBT - Lipjan UBT - Lipjan Koleksioni i përgjithshem 02/12/2016   336 RAP 002-018459 02/12/2016 02/12/2016 Books
          Koleksioni i përgjithshem UBT - Lipjan UBT - Lipjan Koleksioni i përgjithshem 02/12/2016   336 RAP 002-018460 02/12/2016 02/12/2016 Books
          Koleksioni i përgjithshem UBT - Lipjan UBT - Lipjan Koleksioni i përgjithshem 02/12/2016   336 RAP 002-018461 02/12/2016 02/12/2016 Books
          Koleksioni i përgjithshem UBT - Lipjan UBT - Lipjan Koleksioni i përgjithshem 02/12/2016   336 RAP 002-018462 02/12/2016 02/12/2016 Books
          Koleksioni i përgjithshem UBT - Lipjan UBT - Lipjan Koleksioni i përgjithshem 02/12/2016   336 RAP 002-018463 02/12/2016 02/12/2016 Books
          Koleksioni i përgjithshem UBT - Lipjan UBT - Lipjan Koleksioni i përgjithshem 02/12/2016   336 RAP 002-018464 02/12/2016 02/12/2016 Books
          Koleksioni i përgjithshem UBT - Lipjan UBT - Lipjan Koleksioni i përgjithshem 02/12/2016   336 RAP 002-018465 02/12/2016 02/12/2016 Books
          Koleksioni i përgjithshem UBT - Lipjan UBT - Lipjan Koleksioni i përgjithshem 02/12/2016   336 RAP 002-018466 02/12/2016 02/12/2016 Books
          Koleksioni i përgjithshem UBT - Lipjan UBT - Lipjan Koleksioni i përgjithshem 02/12/2016   336 RAP 002-018467 02/12/2016 02/12/2016 Books
          Koleksioni i përgjithshem UBT - Lipjan UBT - Lipjan Koleksioni i përgjithshem 02/12/2016   336 RAP 002-018468 02/12/2016 02/12/2016 Books
          Koleksioni i përgjithshem UBT - Lipjan UBT - Lipjan Koleksioni i përgjithshem 02/12/2016   336 RAP 002-018469 02/12/2016 02/12/2016 Books
          Koleksioni i përgjithshem UBT - Lipjan UBT - Lipjan Koleksioni i përgjithshem 02/12/2016   336 RAP 002-018470 02/12/2016 02/12/2016 Books
          Koleksioni i përgjithshem UBT - Lipjan UBT - Lipjan Koleksioni i përgjithshem 02/12/2016   336 RAP 002-018471 02/12/2016 02/12/2016 Books
          Koleksioni i përgjithshem UBT - Lipjan UBT - Lipjan Koleksioni i përgjithshem 02/12/2016   336 RAP 002-018472 02/12/2016 02/12/2016 Books
          Koleksioni i përgjithshem UBT - Lipjan UBT - Lipjan Koleksioni i përgjithshem 02/12/2016   336 RAP 002-018473 02/12/2016 02/12/2016 Books
          Koleksioni i përgjithshem UBT - Lipjan UBT - Lipjan Koleksioni i përgjithshem 02/12/2016   336 RAP 002-018474 02/12/2016 02/12/2016 Books
          Koleksioni i përgjithshem UBT - Lipjan UBT - Lipjan Koleksioni i përgjithshem 02/12/2016   336 RAP 002-018475 02/12/2016 02/12/2016 Books
          Koleksioni i përgjithshem UBT - Lipjan UBT - Lipjan Koleksioni i përgjithshem 02/12/2016   336 RAP 002-018476 02/12/2016 02/12/2016 Books
          Koleksioni i përgjithshem UBT - Lipjan UBT - Lipjan Koleksioni i përgjithshem 02/12/2016   336 RAP 002-018477 02/12/2016 02/12/2016 Books
          Koleksioni i përgjithshem UBT - Lipjan UBT - Lipjan Koleksioni i përgjithshem 02/12/2016   336 RAP 002-018478 02/12/2016 02/12/2016 Books
          Koleksioni i përgjithshem UBT - Lipjan UBT - Lipjan Koleksioni i përgjithshem 02/12/2016   336 RAP 002-018479 02/12/2016 02/12/2016 Books
          Koleksioni i përgjithshem UBT - Lipjan UBT - Lipjan Koleksioni i përgjithshem 02/12/2016   336 RAP 002-018480 02/12/2016 02/12/2016 Books
          Koleksioni i përgjithshem UBT - Lipjan UBT - Lipjan Koleksioni i përgjithshem 02/12/2016   336 RAP 002-018481 02/12/2016 02/12/2016 Books
          Koleksioni i përgjithshem UBT - Lipjan UBT - Lipjan Koleksioni i përgjithshem 02/12/2016   336 RAP 002-018482 02/12/2016 02/12/2016 Books
          Koleksioni i përgjithshem UBT - Lipjan UBT - Lipjan Koleksioni i përgjithshem 02/12/2016   336 RAP 002-018483 02/12/2016 02/12/2016 Books
          Koleksioni i përgjithshem UBT - Lipjan UBT - Lipjan Koleksioni i përgjithshem 02/12/2016   336 RAP 002-018484 02/12/2016 02/12/2016 Books
          Koleksioni i përgjithshem UBT - Lipjan UBT - Lipjan Koleksioni i përgjithshem 02/12/2016   336 RAP 002-018485 02/12/2016 02/12/2016 Books
          Koleksioni i përgjithshem UBT - Lipjan UBT - Lipjan Koleksioni i përgjithshem 02/12/2016   336 RAP 002-018486 02/12/2016 02/12/2016 Books
          Koleksioni i përgjithshem UBT - Lipjan UBT - Lipjan Koleksioni i përgjithshem 02/12/2016   336 RAP 002-018487 02/12/2016 02/12/2016 Books
          Koleksioni i përgjithshem UBT - Lipjan UBT - Lipjan Koleksioni i përgjithshem 02/12/2016   336 RAP 002-018488 02/12/2016 02/12/2016 Books
          Koleksioni i përgjithshem UBT - Lipjan UBT - Lipjan Koleksioni i përgjithshem 02/12/2016   336 RAP 002-018501 02/12/2016 02/12/2016 Books
          Koleksioni i përgjithshem UBT - Lipjan UBT - Lipjan Koleksioni i përgjithshem 02/12/2016   336 RAP 002-018502 02/12/2016 02/12/2016 Books
          Koleksioni i përgjithshem UBT - Lipjan UBT - Lipjan Koleksioni i përgjithshem 02/12/2016   336 RAP 002-018503 02/12/2016 02/12/2016 Books
          Koleksioni i përgjithshem UBT - Lipjan UBT - Lipjan Koleksioni i përgjithshem 02/12/2016   336 RAP 002-018504 02/12/2016 02/12/2016 Books
          Koleksioni i përgjithshem UBT - Lipjan UBT - Lipjan Koleksioni i përgjithshem 02/12/2016   336 RAP 002-018505 02/12/2016 02/12/2016 Books
          Koleksioni i përgjithshem UBT - Lipjan UBT - Lipjan Koleksioni i përgjithshem 02/12/2016   336 RAP 002-018506 02/12/2016 02/12/2016 Books
          Koleksioni i përgjithshem UBT - Lipjan UBT - Lipjan Koleksioni i përgjithshem 02/12/2016   336 RAP 002-018507 02/12/2016 02/12/2016 Books
          Koleksioni i përgjithshem UBT - Lipjan UBT - Lipjan Koleksioni i përgjithshem 02/12/2016   336 RAP 002-018508 02/12/2016 02/12/2016 Books
          Koleksioni i përgjithshem UBT - Lipjan UBT - Lipjan Koleksioni i përgjithshem 02/12/2016   336 RAP 002-018509 02/12/2016 02/12/2016 Books
          Koleksioni i përgjithshem UBT - Lipjan UBT - Lipjan Koleksioni i përgjithshem 02/12/2016   336 RAP 002-018510 02/12/2016 02/12/2016 Books
          Koleksioni i përgjithshem UBT - Lipjan UBT - Lipjan Koleksioni i përgjithshem 02/12/2016   336 RAP 002-018511 02/12/2016 02/12/2016 Books
          Koleksioni i përgjithshem UBT - Lipjan UBT - Lipjan Koleksioni i përgjithshem 02/12/2016   336 RAP 002-018512 02/12/2016 02/12/2016 Books
          Koleksioni i përgjithshem UBT - Lipjan UBT - Lipjan Koleksioni i përgjithshem 02/12/2016   336 RAP 002-018513 02/12/2016 02/12/2016 Books
          Koleksioni i përgjithshem UBT - Lipjan UBT - Lipjan Koleksioni i përgjithshem 02/15/2016   336 RAP 002-018500 02/15/2016 02/15/2016 Books
          Koleksioni i përgjithshem UBT - Lipjan UBT - Lipjan Koleksioni i përgjithshem 02/15/2016   336 RAP 002-018499 02/15/2016 02/15/2016 Books
          Koleksioni i përgjithshem UBT - Lipjan UBT - Lipjan Koleksioni i përgjithshem 02/15/2016   336 RAP 002-018498 02/15/2016 02/15/2016 Books
          Koleksioni i përgjithshem UBT - Lipjan UBT - Lipjan Koleksioni i përgjithshem 02/15/2016   336 RAP 002-018494 02/15/2016 02/15/2016 Books
          Koleksioni i përgjithshem UBT - Lipjan UBT - Lipjan Koleksioni i përgjithshem 02/15/2016   336 RAP 002-018495 02/15/2016 02/15/2016 Books
          Koleksioni i përgjithshem UBT - Lipjan UBT - Lipjan Koleksioni i përgjithshem 02/15/2016   336 RAP 002-018496 02/15/2016 02/15/2016 Books
          Koleksioni i përgjithshem UBT - Lipjan UBT - Lipjan Koleksioni i përgjithshem 02/15/2016   336 RAP 002-018497 02/15/2016 02/15/2016 Books
          Koleksioni i përgjithshem UBT - Lipjan UBT - Lipjan Koleksioni i përgjithshem 02/15/2016   336 RAP 002-018489 02/15/2016 02/15/2016 Books
          Koleksioni i përgjithshem UBT - Lipjan UBT - Lipjan Koleksioni i përgjithshem 02/15/2016   336 RAP 002-018490 02/15/2016 02/15/2016 Books
          Koleksioni i përgjithshem UBT - Lipjan UBT - Lipjan Koleksioni i përgjithshem 02/15/2016   336 RAP 002-018491 02/15/2016 02/15/2016 Books
          Koleksioni i përgjithshem UBT - Lipjan UBT - Lipjan Koleksioni i përgjithshem 02/15/2016   336 RAP 002-018492 02/15/2016 02/15/2016 Books
          Koleksioni i përgjithshem UBT - Lipjan UBT - Lipjan Koleksioni i përgjithshem 02/15/2016   336 RAP 002-018493 02/15/2016 02/15/2016 Books
          Koleksioni i përgjithshem UBT - Lipjan UBT - Lipjan Koleksioni i përgjithshem 02/15/2016   336 RAP 002-014680 02/15/2016 02/15/2016 Books
UBT Library © 2015-2024. All rights reserved University Education for Business and Technology